Postcolonialism and development /

Spremljeno u:
Bibliografski detalji
Glavni autor: McEwan, Cheryl
Format: Knjiga
Jezik:engleski
Izdano: London : Routledge, 2009.
Teme:
Oznake: Dodaj oznaku
Bez oznaka, Budi prvi tko označuje ovaj zapis!

MARC

LEADER 00000nam a22000002 4500
001 0000056620
003 Daystar
005 20180207020005.0
008 130410s xx 000 0 eng d
020 |a 9780415433655 : 
040 |a Daystar  |d EOtanga 
050 0 0 |a JV51  |b .M38 
100 1 |a McEwan, Cheryl. 
245 1 0 |a Postcolonialism and development /  |c Cheryl McEwan. 
260 |a London :  |b Routledge,  |c 2009. 
300 |a xviii, 354 p :  |b ill. 
504 |a Includes bibliographical references and index. 
650 0 |a Developing countries  |v Textbooks. 
650 0 |a Postcolonialism  |v Textbooks. 
908 |a 130410 
942 |c G  |0 2 
952 |0 0  |1 0  |4 0  |6 JV_51_000000000000000_M38_2009  |7 0  |9 62793  |a DUA  |b DUA  |c GC  |d 2017-09-28  |l 0  |o JV51.M38 2009  |p BK92481  |r 2017-09-28 00:00:00  |w 2017-09-28  |x 92481  |y G 
952 |0 0  |1 0  |4 0  |6 JV_51_000000000000000_M38_2009  |7 0  |9 62794  |a DUA  |b DUA  |c GC  |d 2017-09-28  |l 0  |o JV51.M38 2009  |p BK92482  |r 2017-09-28 00:00:00  |w 2017-09-28  |x 92482  |y G 
952 |0 0  |1 0  |4 0  |6 JV_51_000000000000000_M38_2009  |7 0  |9 62795  |a DUN  |b DUN  |c GC  |d 2017-09-28  |l 5  |m 2  |o JV51.M38 2009  |p BK92483  |q 2026-05-02  |r 2026-04-24 19:14:52  |s 2026-04-24  |w 2017-09-28  |x 92483  |y G 
952 |0 0  |1 0  |4 0  |6 JV_51_000000000000000_M38_2009  |7 0  |9 62796  |a DUN  |b DUN  |c GC  |d 2017-09-28  |l 2  |o JV51.M38 2009  |p BK92485  |r 2025-03-06 10:03:53  |s 2025-02-27  |w 2017-09-28  |x 92485  |y G 
952 |0 0  |1 0  |4 0  |6 JV_51_000000000000000_M38_2009  |7 0  |9 62797  |a DUA  |b DUA  |c GC  |d 2017-09-28  |l 0  |o JV51.M38 2009  |p BK92480  |r 2017-09-28 00:00:00  |w 2017-09-28  |x 92480  |y G 
952 |0 0  |1 0  |4 0  |6 JV_51_000000000000000_M38_2009  |7 0  |9 62798  |a DUN  |b DUN  |c GC  |d 2017-09-28  |l 2  |o JV51.M38 2009  |p BK92484  |r 2018-04-10 00:00:00  |s 2018-02-06  |w 2017-09-28  |x 92484  |y G 
999 |c 33985  |d 33985